| 000 | 00602nam a2200145Ia 4500 | ||
|---|---|---|---|
| 008 | 100122s9999 xx 000 0 und d | ||
| 082 |
_b21803 _a630 |
||
| 100 | _aकोप्पीकर गौ रा | ||
| 245 | _aधान्योत्पादन वाढविण्याचे मार्ग | ||
| 260 |
_bउद्यम प्रकाशन _c1966 |
||
| 300 | _a225 | ||
| 630 | _aधान्योत्पादन वाढविण्याचे मार्ग | ||
| 730 | _aधान्योत्पादन वाढविण्याचे मार्ग | ||
| 942 | _cBOOK | ||
| 999 |
_c409758 _d409755 |
||